प्राचीन भारत के स्त्री -रतन/ (Record no. 200868)
[ view plain ]
| 000 -LEADER | |
|---|---|
| fixed length control field | 01181nam a22002177a 4500 |
| 005 - DATE AND TIME OF LATEST TRANSACTION | |
| control field | 20240216150631.0 |
| 010 ## - LCCN (DPL NO) | |
| LC control number | HIN-126904 |
| 020 ## - INTERNATIONAL STANDARD BOOK NUMBER | |
| International Standard Book Number | 9789354092442 |
| Terms of availability | 90.00 |
| 035 ## - SYSTEM CONTROL NUMBER | |
| System control number | HN-99250 |
| 037 ## - SOURCE OF ACQUISITION | |
| Source of stock number/acquisition | DBAD/PUB |
| 082 ## - DEWEY DECIMAL CLASSIFICATION NUMBER | |
| Classification number | 920 |
| 100 ## - MAIN ENTRY--PERSONAL NAME | |
| Personal name | वर्मा,रामचंद्र |
| 245 ## - TITLE STATEMENT | |
| Title | प्राचीन भारत के स्त्री -रतन/ |
| Statement of responsibility, etc | रामचंद्र वर्मा,शंकरलाल वर्मा,रीतारानी पालीवाल |
| 250 ## - EDITION STATEMENT | |
| Edition statement | 2 |
| 260 ## - PUBLICATION, DISTRIBUTION, ETC. (IMPRINT) | |
| Place of publication, distribution, etc | नई दिल्ली |
| Name of publisher, distributor, etc | प्रकाशन विभाग सूचना एवं प्रसारण मंत्रालय भारत सरकार |
| Date of publication, distribution, etc | 2021 |
| 270 ## - ADDRESS | |
| Address | सी जी ओ काम्प्लेक्स लोधी रोड |
| City | नई दिल्ली |
| Postal code | 110003 |
| 300 ## - PHYSICAL DESCRIPTION | |
| Extent | 117 पृष्ठ; |
| Dimensions | 22 सेमी (अजिल्द) |
| 700 ## - ADDED ENTRY--PERSONAL NAME | |
| Personal name | शंकरलाल वर्मा |
| Fuller form of name | दूसरा लेखक |
| 9 (RLIN) | 62232 |
| 700 ## - ADDED ENTRY--PERSONAL NAME | |
| Personal name | रीतारानी पालीवाल |
| Relator term | तीसरा लेखक |
| 9 (RLIN) | 62233 |
| 942 ## - ADDED ENTRY ELEMENTS (KOHA) | |
| Item type | Hindi Books |
| Source of classification or shelving scheme | Dewey Decimal Classification |
| Classification part | 920 |
| Call number suffix | वर्मारा |
| Withdrawn status | Lost status | Not for loan | Collection code | Home library | Current library | Date acquired | Source of acquisition | Cost, normal purchase price | Full call number | Barcode | Copy number | Cost, replacement price | Koha item type |
|---|---|---|---|---|---|---|---|---|---|---|---|---|---|
| Non-fiction | Sarojini Nagar | Sarojini Nagar | 16/02/2024 | DBAD/PUB | 90.00 | 920 वर्मारा | HN-99250 | 1 | 90.00 | Hindi Books |
